Countries bordering Countries with Megacities - Statistics

General Stats
  • This quiz has been taken 43 times
  • The average score is 69 of 82
Answer Stats
Pop. Largest Megacity Megacities Bordering Country % Correct
25,000,000 6 China
97%
23,650,000 2 Canada
95%
20,370,000 3 Colombia
95%
10,860,000 1 Germany
95%
22,120,000 3 Iran
95%
13,530,000 2 Iraq
95%
25,000,000 10 Pakistan
95%
20,370,000 3 Paraguay
95%
10,860,000 2 Spain
95%
20,370,000 3 Suriname
95%
13,290,000 1 Syria
95%
20,370,000 3 Uruguay
95%
23,420,000 6 Vietnam
95%
23,420,000 9 Afghanistan
92%
13,530,000 2 Armenia
92%
16,170,000 3 Azerbaijan
92%
25,000,000 9 Bhutan
92%
13,290,000 1 Greece
92%
23,420,000 9 India
92%
23,420,000 7 Laos
92%
23,650,000 2 Mexico
92%
23,420,000 7 Mongolia
92%
25,000,000 10 Myanmar
92%
26,640,000 8 North Korea
92%
20,370,000 2 Argentina
89%
25,000,000 3 Bangladesh
89%
14,120,000 2 Chile
89%
16,170,000 2 Georgia
89%
20,370,000 2 Guyana
89%
23,420,000 7 Kazakhstan
89%
30,090,000 2 Malaysia
89%
25,000,000 9 Nepal
89%
20,370,000 2 Peru
89%
15,600,000 1 Sudan
89%
20,060,000 1 United States
89%
20,370,000 1 Venezuela
89%
20,370,000 4 Bolivia
87%
15,000,000 1 Cambodia
87%
13,120,000 1 Chad
87%
16,170,000 1 Estonia
87%
16,170,000 1 Latvia
87%
16,170,000 1 Lithuania
87%
13,120,000 1 Niger
87%
20,060,000 1 Guatemala
84%
15,600,000 1 Libya
84%
16,170,000 1 Ukraine
84%
14,120,000 3 Brazil
82%
13,120,000 1 Cameroon
82%
10,750,000 1 Ecuador
82%
16,170,000 1 Finland
82%
20,370,000 2 France
82%
10,240,000 1 Ireland
82%
15,600,000 1 Israel
82%
10,860,000 1 Italy
82%
16,170,000 1 Norway
82%
10,860,000 1 Switzerland
82%
23,420,000 6 Tajikistan
82%
10,860,000 1 Belgium
79%
20,060,000 1 Belize
79%
13,290,000 1 Bulgaria
79%
11,590,000 1 Cen. Afr. Rep.
79%
10,860,000 1 Luxembourg
79%
11,590,000 1 Rep. Congo
79%
23,420,000 6 Russia
79%
11,590,000 1 Tanzania
79%
10,860,000 1 Andorra
76%
16,170,000 1 Belarus
76%
23,420,000 6 Kyrgyzstan
76%
16,170,000 1 Poland
76%
11,590,000 1 Rwanda
76%
11,590,000 1 South Sudan
76%
13,530,000 1 Turkmenistan
76%
11,590,000 1 Angola
74%
10,860,000 1 Monaco
74%
13,530,000 1 Turkey
74%
11,590,000 1 Zambia
74%
11,590,000 1 Burundi
71%
30,090,000 1 East Timor
71%
30,090,000 1 Papua NG
71%
11,590,000 1 Uganda
71%
13,120,000 1 Benin
68%
10,240,000 1 Cyprus
39%
No matching quizzes found
Score Distribution
Percent of People with Each Score
Percentile by Number Answered
Your Score History
You have not taken this quiz